| 000 | 00529nam a2200193Ia 4500 | ||
|---|---|---|---|
| 008 | 131103s9999 xx 000 0 und d | ||
| 020 | _cRs, 60 | ||
| 040 | _aLoreto College | ||
| 041 | _aEnglish | ||
| 082 |
_a821.91/OWE _b#NAME? |
||
| 100 | _aDas, Sasi Bhusan | ||
| 245 |
_aAspects of Wilferd Owen 's poetry _cSasi Bhusan Das |
||
| 260 |
_aCalcutta _bRoy and Roy _c1979 |
||
| 300 |
_a477p. _c 23cm. |
||
| 504 | _aIncludes index | ||
| 650 | _aEnglish poetry - criticism | ||
| 850 | _aLCLIB/821.91/OWE - DAS | ||
| 942 | _cBK | ||
| 999 |
_c21956 _d72435 |
||